[Event "Chigorin Memorial 2019"]
[Site "St Petersburg RUS"]
[Date "2019.10.07"]
[Round "3.78"]
[White "Alekseev, Mikhail"]
[Black "Dubrovin, Robert"]
[Result "0-1"]
[WhiteElo "1940"]
[BlackElo "2224"]
[WhiteFideId "34171069"]
[BlackFideId "4501829"]
[EventDate "2019.10.05"]

1. Nf3 Nf6 2. c4 g6 3. Nc3 Bg7 4. g3 O-O 5. Bg2 d6 6. O-O e5 7. d4 Nbd7 8. e3
Re8 9. b3 c6 10. a4 a5 11. Ba3 exd4 12. exd4 Nb6 13. Qd2 d5 14. c5 Ne4 15. Nxe4
dxe4 16. cxb6 exf3 17. Bxf3 Qxd4 18. Rad1 Qxb6 19. Rfe1 Be6 20. b4 axb4 21. Qxb4
Qxb4 22. Bxb4 Rxa4 23. Rb1 Rea8 24. Bd6 Ra1 25. Kg2 h5 26. h3 Bd4 27. g4 h4 28.
Be7 Rxb1 29. Rxb1 Ra2 30. Bxh4 Rb2 31. Rxb2 Bxb2 32. Be7 f6 33. Be4 Kf7 34. Bc5
g5 35. f4 gxf4 36. Kf3 Be5 37. h4 Bd5 38. h5 Kg7 39. Ba3 b5 40. Bc5 Kh6 41. Bf8+
Kg5 42. h6 Bxe4+ 43. Kxe4 Kg6 44. g5 fxg5 45. Kxe5 f3 46. Bc5 b4 47. Ke4 b3 48.
Kd3 g4 49. Bd4 Kxh6 0-1

[Event "Chigorin Memorial 2019"]
[Site "St Petersburg RUS"]
[Date "2019.10.07"]
[Round "3.79"]
[White "Trifonov, Pavel"]
[Black "Erastov, Semen"]
[Result "1-0"]
[WhiteTitle "FM"]
[WhiteElo "2220"]
[BlackElo "1981"]
[WhiteFideId "4194446"]
[BlackFideId "34147141"]
[EventDate "2019.10.05"]

1. d4 d5 2. c4 e6 3. Nf3 c6 4. Qc2 Nf6 5. Bg5 Be7 6. Nbd2 Nbd7 7. g3 b6 8. Bg2
O-O 9. O-O Bb7 10. Rfd1 c5 11. dxc5 Nxc5 12. a3 Rc8 13. Rac1 Nce4 14. Bxf6 Nxd2
15. Ng5 Ne4 16. Bxe4 g6 17. Bxg6 Bxf6 18. Nxf7 Rxf7 19. Bxf7+ Kxf7 20. Qxh7+ Bg7
21. cxd5 Bxd5 22. e4 Rxc1 23. Rxc1 Bb7 24. Rc3 Qe7 25. Rf3+ Ke8 26. Qg6+ 1-0

[Event "Chigorin Memorial 2019"]
[Site "St Petersburg RUS"]
[Date "2019.10.07"]
[Round "3.80"]
[White "Zhang, Lanlin"]
[Black "Ponomarev, Vsevolod"]
[Result "1-0"]
[WhiteElo "2203"]
[BlackElo "1980"]
[WhiteFideId "8608032"]
[BlackFideId "24239968"]
[EventDate "2019.10.05"]

1. e4 e5 2. Nf3 Nc6 3. Bc4 Bc5 4. O-O Nf6 5. d3 d6 6. c3 a6 7. Bb3 Ba7 8. Nbd2
O-O 9. h3 Ne7 10. Re1 Ng6 11. Nf1 Nh5 12. d4 exd4 13. cxd4 Nhf4 14. Be3 Qf6 15.
Ng3 h6 16. Rc1 c6 17. Bc2 Rd8 18. Nf5 Kh8 19. Nh2 d5 20. e5 Qg5 21. Ng3 Bxh3 22.
gxh3 Nxh3+ 23. Kf1 Nhf4 24. Nf3 Qe7 25. Qd2 Ne6 26. Bxh6 Nxd4 27. Nxd4 Qh4 28.
Bxg7+ Kg8 29. Bf6 Qh3+ 30. Kg1 c5 31. Bxg6 fxg6 32. Qg5 1-0

[Event "Chigorin Memorial 2019"]
[Site "St Petersburg RUS"]
[Date "2019.10.07"]
[Round "3.81"]
[White "Sorin, Boris"]
[Black "Mochalin, Faddey"]
[Result "0-1"]
[WhiteElo "1937"]
[BlackElo "2173"]
[WhiteFideId "24125229"]
[BlackFideId "34147290"]
[EventDate "2019.10.05"]

1. e4 e6 2. d4 d5 3. Nc3 Nf6 4. e5 Nfd7 5. f4 c5 6. Nf3 Nc6 7. Be3 Be7 8. Qd2
O-O 9. dxc5 Nxc5 10. Nd4 a6 11. Bd3 Nxd4 12. Bxd4 b5 13. a3 Nxd3+ 14. cxd3 b4
15. axb4 Bxb4 16. Qe3 Qh4+ 17. g3 Qh3 18. Kf2 Bd7 19. Ne2 Rfc8 20. Nc3 Bxc3 21.
bxc3 Rab8 22. Qd2 Rb3 23. Ra2 Rcb8 24. Kf3 h5 25. Rha1 a5 26. Qg2 Qf5 27. Ke3 a4
28. h3 Bb5 29. Rd2 a3 30. g4 Qh7 31. Qe2 Ba6 32. Bc5 0-1

[Event "Chigorin Memorial 2019"]
[Site "St Petersburg RUS"]
[Date "2019.10.07"]
[Round "3.82"]
[White "Nikitin, Georgy"]
[Black "Aleksandrov, Danila"]
[Result "0-1"]
[WhiteElo "1920"]
[BlackElo "2196"]
[WhiteFideId "34115959"]
[BlackFideId "4133650"]
[EventDate "2019.10.05"]

1. d4 Nf6 2. c4 e6 3. Nc3 Bb4 4. a3 Bxc3+ 5. bxc3 c5 6. e3 O-O 7. Bd3 Nc6 8. Nf3
d6 9. e4 e5 10. h3 Re8 11. d5 Ne7 12. Be3 Ng6 13. g3 Bd7 14. a4 Qa5 15. Kd2 h6
16. Ng1 Ne7 17. Qc2 Nc8 18. Ne2 Nb6 19. g4 Rab8 20. Rhb1 a6 21. f4 Nxe4+ 22.
Bxe4 Nxc4+ 23. Kd3 f5 24. gxf5 Nxe3 25. Kxe3 exf4+ 26. Kxf4 Qd8 27. Ng3 Re5 28.
Rg1 h5 29. Rae1 Qh4+ 30. Ke3 Rbe8 31. Qg2 Rxd5 32. Nxh5 Rxe4+ 33. Qxe4 Re5 34.
Rxg7+ Kf8 35. Qxe5 Qxe1+ 0-1

[Event "Chigorin Memorial 2019"]
[Site "St Petersburg RUS"]
[Date "2019.10.07"]
[Round "3.83"]
[White "Kazmin, Semen"]
[Black "Kuznetsov, Mikhail"]
[Result "1/2-1/2"]
[WhiteElo "2190"]
[BlackElo "1971"]
[WhiteFideId "34171409"]
[BlackFideId "54126738"]
[EventDate "2019.10.05"]

1. d4 Nf6 2. Bf4 g6 3. Nf3 Bg7 4. e3 d6 5. h3 Nbd7 6. Be2 O-O 7. O-O Qe8 8. Bh2
e5 9. dxe5 dxe5 10. Nc3 Qe7 11. Bc4 c6 12. a4 Ne8 13. e4 Kh8 14. Qe2 Nc5 15.
Rad1 Nd6 16. b4 Nxc4 17. Qxc4 Na6 18. b5 Nc5 19. Rd2 a5 20. Rfd1 Be6 21. Qe2 f6
22. Qe3 Rfc8 23. bxc6 bxc6 24. Bg3 Na6 25. Ne1 Bf8 26. Nd3 Qa7 27. Qxa7 Rxa7 28.
f4 exf4 29. Nxf4 Bg8 30. Rd8 Rxd8 31. Rxd8 Kg7 32. Bf2 Bc5 33. Bxc5 Nxc5 34. Rc8
Re7 35. Rxc6 Nxe4 36. Nfd5 Rb7 37. Ra6 Nxc3 38. Nxc3 Rc7 39. Ne4 f5 40. Nf2 Rxc2
41. Rxa5 Kf6 42. g4 Bc4 43. Rc5 Bb3 44. Rxc2 Bxc2 45. a5 Ba4 46. a6 fxg4 47.
Nxg4+ Ke6 1/2-1/2

[Event "Chigorin Memorial 2019"]
[Site "St Petersburg RUS"]
[Date "2019.10.07"]
[Round "3.84"]
[White "Usacheva, Glafira"]
[Black "Artamonov, Valery"]
[Result "1-0"]
[WhiteElo "1905"]
[BlackElo "2169"]
[WhiteFideId "34119741"]
[BlackFideId "24100480"]
[EventDate "2019.10.05"]

1. d4 Nf6 2. c4 d6 3. Nc3 c6 4. e4 Qa5 5. Bd3 e5 6. Ne2 Be7 7. O-O O-O 8. h3
Nbd7 9. Be3 Re8 10. f4 Bf8 11. Rb1 exd4 12. Nxd4 Qc7 13. Qf3 Nc5 14. Bc2 a5 15.
Bf2 Ne6 16. Nf5 g6 17. Nd4 Bg7 18. Rbd1 Nd7 19. Nce2 a4 20. Kh1 Ra5 21. Be1 Ra6
22. Bc3 Nec5 23. Ng3 Nb6 24. b4 axb3 25. axb3 Ra2 26. Bb1 Ra3 27. Bb2 Nxc4 28.
Bxa3 Nxa3 29. Ba2 Bxd4 30. Rxd4 Nb5 31. Rd2 Qe7 32. Bb1 Qf6 33. Rfd1 Be6 34. Bc2
Na3 35. b4 Nxc2 36. bxc5 Nb4 37. Rxd6 Qh4 38. f5 gxf5 39. Nxf5 Bxf5 40. exf5 Nd5
41. f6 h5 42. Kh2 Qf4+ 43. Qxf4 Nxf4 44. Rd8 Rxd8 45. Rxd8+ Kh7 46. Rd7 Kg6 47.
Rxb7 Ne6 48. Rb6 Nd4 49. Kg3 Kxf6 50. Kf4 Ne6+ 51. Ke3 Nxc5 52. Rxc6+ Ne6 53.
Ke4 Kg5 54. Ke5 Nf8 55. Rd6 Ng6+ 56. Ke4 f5+ 57. Kf3 Ne5+ 58. Kf2 f4 59. Rd5 Kf5
60. Rd8 h4 61. Rh8 Kg5 62. Ke2 Ng6 63. Ra8 Kf5 64. Ra7 Ne5 65. Ra4 Kg5 66. Ra8
Kf5 67. Rf8+ Kg5 68. Kd2 Ng6 69. Rg8 Kf5 70. Kd3 Ne5+ 71. Kd4 Nc6+ 72. Kc5 Ne7
73. Rg4 1-0

[Event "Chigorin Memorial 2019"]
[Site "St Petersburg RUS"]
[Date "2019.10.07"]
[Round "3.85"]
[White "Odegov, Artem"]
[Black "Makhno, Maria"]
[Result "1-0"]
[WhiteElo "2183"]
[BlackElo "1960"]
[WhiteFideId "34183644"]
[BlackFideId "24173479"]
[EventDate "2019.10.05"]

1. d4 Nf6 2. c4 d6 3. Nc3 g6 4. e4 Bg7 5. Be2 O-O 6. Be3 Na6 7. Nf3 c5 8. O-O b6
9. d5 Nc7 10. Nd2 e5 11. dxe6 fxe6 12. e5 dxe5 13. Bf3 e4 14. Ndxe4 Nxe4 15.
Qxd8 Rxd8 16. Bxe4 Rb8 17. Rac1 Ne8 18. Bf4 e5 19. Bg3 Be6 20. b3 Nc7 21. Bf3
Bf5 22. Nd5 Rd7 23. Rfe1 1-0

[Event "Chigorin Memorial 2019"]
[Site "St Petersburg RUS"]
[Date "2019.10.07"]
[Round "3.86"]
[White "Perov, German"]
[Black "Vankon, Alexander"]
[Result "1-0"]
[WhiteElo "2177"]
[BlackElo "1955"]
[WhiteFideId "44111410"]
[BlackFideId "34402020"]
[EventDate "2019.10.05"]

1. e4 c5 2. Nf3 Nc6 3. Bb5 g6 4. Bxc6 dxc6 5. d3 Bg7 6. h3 Nf6 7. Nc3 O-O 8. Be3
Nd7 9. Qd2 c4 10. d4 e5 11. Bh6 Bxh6 12. Qxh6 exd4 13. Ng5 Nf6 14. O-O dxc3 15.
e5 Re8 16. Rad1 Qe7 17. exf6 Qxf6 18. Qxh7+ Kf8 19. Qh4 Kg7 20. bxc3 Rh8 21. Qg3
Bf5 22. Rd6 Qe7 23. Rfd1 Rh5 24. Nf3 Be4 25. Rd7 Qf6 26. R1d6 Qxc3 27. Rxf7+ Kh8
28. Qf4 Bf5 29. Rd4 Re8 30. Qe5+ 1-0

[Event "Chigorin Memorial 2019"]
[Site "St Petersburg RUS"]
[Date "2019.10.07"]
[Round "3.87"]
[White "Yurasova, Daria"]
[Black "Dmitriev, Vladimir"]
[Result "1-0"]
[WhiteElo "2168"]
[BlackElo "1951"]
[WhiteFideId "34146919"]
[BlackFideId "4175069"]
[EventDate "2019.10.05"]

1. Nf3 d5 2. g3 Nf6 3. Bg2 Bf5 4. O-O Qc8 5. c4 Bh3 6. Nc3 Bxg2 7. Kxg2 dxc4 8.
Qa4+ Nc6 9. Qxc4 e5 10. b4 Bxb4 11. Nxe5 Nxe5 12. Qxb4 c5 13. Qf4 Ng6 14. Qe3+
Kf8 15. Ba3 Qc6+ 16. Kg1 b6 17. d4 h5 18. dxc5 b5 19. Rad1 Ng4 20. Qf3 Qc8 21.
Nxb5 N4e5 22. Qe4 Rb8 23. c6+ Kg8 24. Nxa7 Qh3 25. c7 Re8 26. Rd8 Kh7 27. c8=Q
Ng4 28. Qg2 Qxg2+ 29. Kxg2 Rxd8 30. Qf5 Nf6 31. Nc6 Rd5 32. Qb1 h4 33. Ne7 Rh5
34. Nxg6 fxg6 35. Be7 Nd5 36. Bxh4 1-0

[Event "Chigorin Memorial 2019"]
[Site "St Petersburg RUS"]
[Date "2019.10.07"]
[Round "3.89"]
[White "Palin, Denis"]
[Black "Tskhadadze, Anna"]
[Result "1-0"]
[WhiteElo "2164"]
[BlackElo "1941"]
[WhiteFideId "4118200"]
[BlackFideId "4165098"]
[EventDate "2019.10.05"]

1. e4 d5 2. Nc3 dxe4 3. Nxe4 Bf5 4. Qf3 Bxe4 5. Qxe4 c6 6. Bc4 Nf6 7. Qe2 e6 8.
Nf3 Bd6 9. d4 h6 10. O-O O-O 11. c3 Qc7 12. Re1 Nbd7 13. Bd2 Rfe8 14. g3 c5 15.
Rad1 a6 16. Bb3 cxd4 17. Nxd4 Nc5 18. Bc2 Rac8 19. Nf3 Red8 20. Be3 Ncd7 21. Rd3
Nd5 22. Red1 Nxe3 23. Qxe3 Bc5 24. Qd2 Qb6 25. Rxd7 Rxd7 26. Qxd7 Bxf2+ 27. Kg2
Rf8 28. Qd6 Qxb2 29. Qd3 1-0

[Event "Chigorin Memorial 2019"]
[Site "St Petersburg RUS"]
[Date "2019.10.07"]
[Round "3.90"]
[White "Sinitsina, Anastassia"]
[Black "Sorokin, Artem"]
[Result "1-0"]
[WhiteTitle "WFM"]
[WhiteElo "2163"]
[BlackElo "1904"]
[WhiteFideId "4504640"]
[BlackFideId "44133561"]
[EventDate "2019.10.05"]

1. Nf3 Nf6 2. c4 e6 3. g3 c5 4. Bg2 Nc6 5. O-O Be7 6. b3 O-O 7. Bb2 d6 8. Nc3 h6
9. e3 Rb8 10. Qe2 a6 11. d4 b5 12. dxc5 dxc5 13. Rfd1 Qb6 14. Nd2 Bb7 15. cxb5
axb5 16. Qxb5 Qxb5 17. Nxb5 Nb4 18. Bxb7 Rxb7 19. a4 Nd3 20. Nc4 Nxb2 21. Nxb2
Nd5 22. Nc4 Rfb8 23. e4 Nc7 24. Na5 Nxb5 25. Nxb7 Rxb7 26. axb5 Rxb5 27. Rd3 Bf6
28. Rc1 Kf8 29. Kf1 Ke7 30. Ke2 g6 31. Rc4 Be5 32. f4 Bc7 33. Ra4 Kf6 34. Ra7 1-0

[Event "Chigorin Memorial 2019"]
[Site "St Petersburg RUS"]
[Date "2019.10.07"]
[Round "3.91"]
[White "Sheynin, Izrail"]
[Black "Khubukshanov, Erdem"]
[Result "0-1"]
[WhiteElo "1871"]
[BlackElo "2247"]
[WhiteFideId "4186230"]
[BlackFideId "54114527"]
[EventDate "2019.10.05"]

1. e4 c5 2. Nf3 Nc6 3. d4 cxd4 4. Nxd4 Qb6 5. Nb3 Nf6 6. Bd3 g6 7. Nc3 Bg7 8.
Be3 Qc7 9. Qd2 O-O 10. O-O Rd8 11. Nd5 Nxd5 12. exd5 Ne5 13. Bf4 d6 14. c3 a5
15. Nd4 a4 16. Rac1 Ra5 17. Nb5 Qd7 18. Bxe5 dxe5 19. c4 Ra6 20. Nc3 e6 21. Qe2
f5 22. c5 Ra5 23. Bc4 Qe8 24. dxe6 Bxe6 25. Rcd1 Rc8 26. Bb5 Qf7 27. Rd6 Rxc5
28. Rd8+ Bf8 29. Rfd1 Kg7 30. Be8 Qf6 31. Nxa4 Rc7 32. Nc3 Bc5 33. R8d2 Bd4 34.
a4 Bb3 35. Re1 Bc4 36. Qd1 Ra8 37. Nb5 Bxb5 38. Bxb5 Rac8 39. Qe2 Qb6 40. g3 h5
41. h4 Rf8 42. Kg2 f4 43. Qe4 fxg3 44. fxg3 Rcf7 45. Ree2 Rf1 46. Rxd4 Qxd4 47.
Qxd4 exd4 48. Rd2 Rb1 49. Bc4 Rd8 50. b3 Kf6 51. Kf3 Re1 0-1

[Event "Chigorin Memorial 2019"]
[Site "St Petersburg RUS"]
[Date "2019.10.07"]
[Round "3.92"]
[White "Khudyakov, Stanislav"]
[Black "Khurkhesova, Viktoriya"]
[Result "1-0"]
[WhiteElo "2160"]
[BlackElo "1897"]
[WhiteFideId "44131232"]
[BlackFideId "54115116"]
[EventDate "2019.10.05"]

1. Nf3 d5 2. b3 c5 3. Bb2 Nc6 4. g3 Nf6 5. Bg2 Bf5 6. O-O e6 7. d3 Qc7 8. Nbd2
Rd8 9. Bxf6 gxf6 10. c4 d4 11. Nh4 Bg4 12. h3 Bh5 13. Bf3 Bxf3 14. exf3 Be7 15.
f4 Rg8 16. Ng2 f5 17. Re1 Rg7 18. Nf3 Bf6 19. a3 a5 20. Qe2 Kd7 21. Ne5+ Bxe5
22. fxe5 Kc8 23. Nf4 b6 24. Kh2 Rh8 25. Nh5 Rg6 26. f4 Qe7 27. Qf3 Kc7 28. Ra2
Rgg8 29. Nf6 Ra8 30. Rc2 Qf8 31. g4 Ne7 32. b4 fxg4 33. Qxg4 Nc6 34. b5 Ne7 35.
Qf3 Ra7 36. Rg1 Kb8 37. Rcg2 Ng6 38. Rg5 Rb7 39. Qg4 Qh6 40. Ne4 Qh4 41. Qxh4
Nxh4 42. Kg3 Nf5+ 43. Kf3 Ka7 44. Nf6 Rbb8 45. Ke4 Kb7 46. Rxf5 exf5+ 47. Kxf5
Rbc8 48. Rg7 Rc7 49. Rxh7 Rxh7 50. Nxh7 Kc8 51. Kf6 Kd8 52. Ng5 Ke8 53. h4 Kf8
54. h5 Kg8 55. h6 a4 56. f5 Rd7 57. h7+ Kh8 58. Nxf7+ Kxh7 59. e6 1-0

[Event "Chigorin Memorial 2019"]
[Site "St Petersburg RUS"]
[Date "2019.10.07"]
[Round "3.93"]
[White "Gubatayeva, Ayshe"]
[Black "Efremov, Vladislav"]
[Result "0-1"]
[BlackTitle "FM"]
[WhiteElo "1870"]
[BlackElo "2137"]
[WhiteFideId "14005913"]
[BlackFideId "44159935"]
[EventDate "2019.10.05"]

1. d4 Nf6 2. c4 e6 3. g3 d5 4. Bg2 dxc4 5. Nf3 Nc6 6. O-O Rb8 7. a4 a6 8. Nc3 b5
9. axb5 axb5 10. Bg5 b4 11. Bxf6 Qxf6 12. Ne4 Qd8 13. Qc2 Nxd4 14. Nxd4 Qxd4 15.
Rfd1 b3 16. Qc1 Qb6 17. Qxc4 Be7 18. Qa4+ Kf8 19. Rac1 c5 20. Ra1 g6 21. Qa7 f5
22. Nxc5 Bxc5 23. Rd8+ Qxd8 24. Qxc5+ Kf7 25. Qe5 Bb7 26. Ra7 Qd1+ 0-1

[Event "Chigorin Memorial 2019"]
[Site "St Petersburg RUS"]
[Date "2019.10.07"]
[Round "3.94"]
[White "Shkuratov, Vladimir"]
[Black "Ismagilov, Damir"]
[Result "0-1"]
[WhiteElo "1869"]
[BlackElo "2156"]
[WhiteFideId "44158190"]
[BlackFideId "34199982"]
[EventDate "2019.10.05"]

1. e4 c5 2. Nf3 a6 3. c3 d5 4. exd5 Qxd5 5. d4 Nc6 6. Be2 Bg4 7. h3 Bh5 8. Be3
cxd4 9. cxd4 e6 10. O-O Nf6 11. Nc3 Qa5 12. a3 Nd5 13. Qb3 Qb6 14. Qxb6 Nxb6 15.
g4 Bg6 16. Ne5 Bd6 17. f4 Ne7 18. Bf3 O-O-O 19. b4 f6 20. Nxg6 hxg6 21. Kg2 Kb8
22. Rfe1 Rc8 23. Bd2 Nc4 24. Bc1 g5 25. fxg5 Ng6 26. Be4 Nf4+ 27. Bxf4 Bxf4 28.
Nd1 Bxg5 29. d5 e5 30. Ra2 Nd6 31. Bd3 Rc1 32. Rae2 Ra1 33. Nf2 Rxa3 34. b5 Bh4
35. Rd1 Bxf2 36. Rxf2 e4 37. Bf1 Rhxh3 38. Rf4 Rag3+ 39. Kf2 Rf3+ 40. Rxf3 Rxf3+
41. Ke2 Nxb5 0-1

[Event "Chigorin Memorial 2019"]
[Site "St Petersburg RUS"]
[Date "2019.10.07"]
[Round "3.95"]
[White "Khalikov, Bulat"]
[Black "Kuizhev, Adam"]
[Result "1/2-1/2"]
[WhiteElo "2152"]
[BlackElo "1879"]
[WhiteFideId "34147869"]
[BlackFideId "44166265"]
[EventDate "2019.10.05"]

1. e4 c6 2. d4 d5 3. Nd2 dxe4 4. Nxe4 Bf5 5. Ng3 Bg6 6. h4 h6 7. Nf3 Nd7 8. h5
Bh7 9. Bd3 Bxd3 10. Qxd3 e6 11. Bf4 Qa5+ 12. Bd2 Bb4 13. c3 Be7 14. c4 Qc7 15.
Ne4 Ngf6 16. O-O-O Nxe4 17. Qxe4 Nf6 18. Qe2 b5 19. c5 Nd5 20. Qe5 Bf6 21. Qxc7
Nxc7 22. Bf4 Nd5 23. Be5 O-O-O 24. a3 Rhg8 25. g3 a5 26. Kc2 Kb7 27. Rde1 a4 28.
Nd2 Rd7 29. f4 Ka6 30. Ne4 Be7 31. Bd6 Bd8 32. b3 axb3+ 33. Kxb3 Ba5 34. Rd1 Re8
35. Rd3 Nf6 36. Nf2 Nd5 37. Ng4 f6 38. Nf2 f5 39. Rf3 Bc7 40. Bxc7 Nxc7 41. Rd1
Red8 42. Rfd3 Nd5 43. Re1 Nc7 44. Kc3 Nd5+ 45. Kd2 Nc7 46. Ke3 Nd5+ 47. Kf3 Nc7
48. Red1 Nd5 49. R3d2 Kb7 50. Rb2 Nc7 51. Ke3 Nd5+ 52. Kd3 Nc7 1/2-1/2

[Event "Chigorin Memorial 2019"]
[Site "St Petersburg RUS"]
[Date "2019.10.07"]
[Round "3.96"]
[White "Vetokhin, Ilia"]
[Black "Zhapova, Yana"]
[Result "1/2-1/2"]
[WhiteElo "2143"]
[BlackElo "1878"]
[WhiteFideId "24156078"]
[BlackFideId "24278670"]
[EventDate "2019.10.05"]

1. d4 d5 2. c4 e6 3. g3 c6 4. Bg2 dxc4 5. Nf3 Nd7 6. O-O Ngf6 7. a4 Be7 8. Nfd2
O-O 9. Nxc4 c5 10. Bf4 Nb6 11. Nxb6 Qxb6 12. Nc3 Bd7 13. dxc5 Bxc5 14. a5 Qxb2
15. Qd3 Bb4 16. Be5 Ng4 17. Bd4 Bxc3 18. Bxc3 Qb5 19. Qxb5 Bxb5 20. h3 Nh6 21.
Bxb7 Bxe2 22. Rfe1 Rab8 23. a6 Bc4 24. Bd4 Bd5 25. Bxa7 Rxb7 26. axb7 Bxb7 27.
Reb1 Bd5 28. Rb8 Rxb8 29. Bxb8 Nf5 30. Ba7 Nd6 31. Bc5 Nc4 32. Bd4 h6 33. f4 Nd2
34. Kf2 Ne4+ 1/2-1/2

[Event "Chigorin Memorial 2019"]
[Site "St Petersburg RUS"]
[Date "2019.10.07"]
[Round "3.97"]
[White "Dushin, Nikolay"]
[Black "Lebedev, Mikhail S."]
[Result "1/2-1/2"]
[WhiteElo "1856"]
[BlackElo "2142"]
[WhiteFideId "4114612"]
[BlackFideId "24130303"]
[EventDate "2019.10.05"]

1. d4 Nf6 2. Nf3 g6 3. Nbd2 Bg7 4. c3 O-O 5. e3 b6 6. a4 Bb7 7. a5 c5 8. axb6
axb6 9. Rxa8 Bxa8 10. Qb3 d6 11. Be2 Nbd7 12. O-O Qc7 13. Rd1 e5 14. dxe5 dxe5
15. Nc4 e4 16. Nfd2 Bd5 17. Qc2 Bc6 18. h3 h5 19. Nf1 Bd5 20. b3 Ra8 21. Na3 Ne5
22. Nb5 Qe7 23. c4 Bc6 24. Bb2 Ne8 25. Nc3 f5 26. Nd5 Qb7 27. Bc3 b5 28. cxb5
Bxb5 29. Bxb5 Qxb5 30. Bxe5 Bxe5 31. Rc1 Ra5 32. Nd2 Nd6 33. Nc4 Nxc4 34. bxc4
Qa4 35. Qd2 Kh7 36. g3 Qa2 37. Rc2 Qb1+ 38. Rc1 Qa2 39. Rc2 Qa3 40. Kg2 Ra7 41.
h4 Qb3 42. Nf4 Bxf4 43. gxf4 Qd3 44. Qc1 Ra4 45. Rd2 Qa3 46. Rd7+ Kh6 47. Qxa3
Rxa3 48. Rc7 Ra5 49. Kg3 Ra1 50. f3 exf3 51. Kxf3 Rh1 52. Rxc5 Rxh4 53. Ke2 Rh2+
54. Kd3 h4 55. Rc8 Kh5 56. Rh8+ Kg4 57. Rh6 Rh1 58. Rxg6+ Kf3 59. Kd4 h3 60. Rh6
h2 61. Ke5 Kxe3 62. Kxf5 Rf1 63. Rxh2 Rxf4+ 1/2-1/2

[Event "Chigorin Memorial 2019"]
[Site "St Petersburg RUS"]
[Date "2019.10.07"]
[Round "3.98"]
[White "Polosin, Evgeni"]
[Black "Shapiyanov, Adam"]
[Result "1/2-1/2"]
[WhiteElo "2159"]
[BlackElo "1871"]
[WhiteFideId "24108456"]
[BlackFideId "24123390"]
[EventDate "2019.10.05"]

1. Nc3 g6 2. d4 Nf6 3. e4 d5 4. e5 Ne4 5. Nxe4 dxe4 6. Bc4 Bg7 7. Be3 c5 8. c3
Nc6 9. Ne2 Bg4 10. O-O O-O 11. h3 cxd4 12. cxd4 Bxe2 13. Bxe2 Rc8 14. Qa4 Qa5
15. Qxa5 Nxa5 16. Rac1 e6 17. f3 exf3 18. Bxf3 Nc4 19. Bxb7 Nxe3 20. Bxc8 Nxf1
21. Kxf1 Bh6 22. Rc4 Be3 23. Ke2 Bxd4 24. Rxd4 Rxc8 25. Kd3 Rc5 26. Ra4 a5 27.
Ke4 Kg7 28. b3 f6 29. exf6+ Kxf6 30. Rc4 Rd5 31. Rc2 h5 32. a3 Ke7 33. Rc3 h4
34. Rd3 Rg5 35. Rd2 Rg3 36. Rb2 a4 37. Kd4 axb3 38. Kc5 Kd7 39. Kb6 Kc8 40. a4
Rc3 41. a5 Kb8 42. Rd2 Rc2 43. Rd1 b2 44. a6 Rd2 45. Rf1 Rd6+ 46. Ka5 Rd5+ 47.
Kb6 Rd6+ 1/2-1/2

[Event "Chigorin Memorial 2019"]
[Site "St Petersburg RUS"]
[Date "2019.10.07"]
[Round "3.99"]
[White "Smorodkin, Kirill"]
[Black "Efimov, Ignat"]
[Result "0-1"]
[WhiteElo "1848"]
[BlackElo "2138"]
[WhiteFideId "44176678"]
[BlackFideId "24280810"]
[EventDate "2019.10.05"]

1. e4 c5 2. Nf3 Nf6 3. Nc3 Nc6 4. d4 d5 5. exd5 Nxd5 6. Be2 cxd4 7. Nxd4 Nxc3 8.
bxc3 e5 9. Nxc6 bxc6 10. Qxd8+ Kxd8 11. Be3 Kc7 12. O-O Be6 13. a4 Bd6 14. a5 c5
15. a6 Rab8 16. Ra5 Kb6 17. Rb5+ Kc6 18. c4 f5 19. Rd1 Be7 20. Rdb1 Rb6 21. Bf4
e4 22. c3 Rd8 23. Rxb6+ axb6 24. f3 Bf6 25. fxe4 fxe4 26. h3 Bxc3 27. Rc1 Bd4+
28. Kh1 Ra8 29. Bd1 Rxa6 30. Bc2 Bxc4 31. Bxe4+ Bd5 32. Bxh7 Ra2 33. Rc2 b5 34.
Rxa2 Bxa2 35. Bg6 b4 36. Be8+ Kb6 37. Bd2 Bc3 38. Be3 b3 39. Bf7 Kb5 40. Bg5 Bf6
41. Bd2 c4 42. g4 b2 0-1

[Event "Chigorin Memorial 2019"]
[Site "St Petersburg RUS"]
[Date "2019.10.07"]
[Round "3.101"]
[White "Gagare, Shalmali"]
[Black "Chetyrev, Dmitry"]
[Result "1/2-1/2"]
[WhiteTitle "WIM"]
[WhiteElo "2134"]
[BlackElo "1869"]
[WhiteFideId "5038650"]
[BlackFideId "24175323"]
[EventDate "2019.10.05"]

1. e4 c5 2. Nf3 Nc6 3. Bb5 Qb6 4. Nc3 e6 5. Bxc6 bxc6 6. d3 Ne7 7. O-O Ng6 8. b3
d6 9. e5 d5 10. Qe2 Be7 11. Na4 Qb5 12. c4 Qa5 13. Ba3 Nf8 14. Rac1 Nd7 15. Rfd1
Nb6 16. cxd5 Nxa4 17. bxa4 cxd5 18. Qe3 Bd7 19. Bxc5 Bxc5 20. Qxc5 Qxc5 21. Rxc5
Bxa4 22. Rb1 O-O 23. Rb7 Rab8 24. Rcc7 h6 25. Kf1 a6 26. Rxf7 Rxb7 27. Rxb7 Rc8
28. Rb2 Rc3 29. Ke2 Bb5 30. Rd2 Ra3 31. Nd4 Kf7 32. Nxb5 axb5 33. Rb2 Kg6 34.
Rxb5 Rxa2+ 1/2-1/2

[Event "Chigorin Memorial 2019"]
[Site "St Petersburg RUS"]
[Date "2019.10.07"]
[Round "3.102"]
[White "Michelle Catherina, P"]
[Black "Loktionov, Kirill"]
[Result "1-0"]
[WhiteTitle "WIM"]
[WhiteElo "2123"]
[BlackElo "1866"]
[WhiteFideId "5005736"]
[BlackFideId "54120403"]
[EventDate "2019.10.05"]

1. e4 c5 2. Nf3 Nc6 3. Bb5 g6 4. O-O Bg7 5. Re1 e5 6. Bxc6 dxc6 7. d3 Ne7 8.
Nbd2 O-O 9. Nc4 Bg4 10. h3 Bxf3 11. Qxf3 f5 12. Bg5 h6 13. Bxe7 Qxe7 14. Qg3 b5
15. Nd2 f4 16. Qxg6 Rf6 17. Qh5 Kh7 18. Nf3 Rg6 19. h4 Qf6 20. Qf5 Qxf5 21. exf5
Rg4 22. Kh2 Bf6 23. Kh3 h5 24. Ng5+ Bxg5 25. hxg5 Re8 26. a4 b4 27. g6+ Kg7 28.
Re4 Kf6 29. Rae1 Kxf5 30. Rc4 Rxg6 31. Rxc5 Rge6 32. d4 Kf6 33. Rcxe5 Rxe5 34.
dxe5+ Rxe5 35. Rxe5 Kxe5 36. Kh4 Kd4 37. Kxh5 c5 38. Kg4 Ke4 39. g3 f3 40. Kh3
c4 41. g4 b3 42. cxb3 cxb3 43. g5 Kd3 44. g6 Kc2 45. g7 Kxb2 46. g8=Q 1-0